Leyendo leyendas /

Guardado en:
Autor Principal: Falconi, María Inés
Otros Autores: Lavandeira, Sandra, il.
Formato: Libro
Publicado: Buenos Aires : Alfaguara, 2010
Series:Alfaguara Infantil
Materias:
Etiquetas: Agregar Etiqueta
Sin Etiquetas, Sea el primero en etiquetar este registro!
LEADER 00783nam a22002655a 4500
001 CEM.cems017726
005 20111026111727.0
008 130507s2010##################000#0#####d
003 CEMS
020 |a 9789870414803 
082 0 4 |a A868.4 
100 1 |a Falconi, María Inés 
245 1 0 |a Leyendo leyendas /  |c María Inés Falconi ; ilustraciones de Sandra Lavandeira 
260 |a Buenos Aires :  |b Alfaguara,  |c 2010 
300 |a 160 p. 
490 0 |a Alfaguara Infantil 
653 |a Literatura 
653 |a Literatura argentina 
653 |a Literatura infantil 
653 |a Narrativa 
653 |a Narrativa argentina 
653 |a Leyendas 
653 |a Leyendas argentinas 
700 1 |a Lavandeira, Sandra, il. 
859 |a CEMS  |b BIB. CEMS - Agricultura  |h A868.4  |i F183  |p A1466.11  |t Ej.1